| 000 | 00593cam a2200145 4500500 | ||
|---|---|---|---|
| 005 | 20260208003817.0 | ||
| 041 | _afre | ||
| 042 | _adc | ||
| 100 | 1 | 0 |
_aGuilhaumou, Jacques _eauthor |
| 245 | 0 | 0 | _a Le cri du public Culture populaire, presse et chanson dialectale au pays de Liège (XVIIIe -XIXe ) Daniel DROIXHE Le Cri Édition, Bruxelles, 257 pages, 2003 |
| 260 | _c2005. | ||
| 500 | _a13 | ||
| 786 | 0 | _nLangage et société | 113 | 3 | 2005-09-01 | p. 149b-159b | 0181-4095 | |
| 856 | 4 | 1 | _uhttps://shs.cairn.info/revue-langage-et-societe-2005-3-page-149b?lang=fr&redirect-ssocas=7080 |
| 999 |
_c1649015 _d1649015 |
||